2000 College Football AP Poll - Statistics

General Stats
  • This quiz has been taken 54 times
  • The average score is 344 of 425
Answer Stats
Week Rank Team W L Conference % Correct
Preseason 19 Oklahoma 0 0 Big 12
100%
Week 1 (8/27) 19 Oklahoma 0 0 Big 12
100%
Week 2 (9/3) 20 Oklahoma 1 0 Big 12
100%
Week 3 (9/10) 18 Oklahoma 2 0 Big 12
100%
Week 4 (9/17) 17 Oklahoma 2 0 Big 12
100%
Week 5 (9/24) 14 Oklahoma 3 0 Big 12
100%
Week 6 (10/1) 10 Oklahoma 4 0 Big 12
100%
Week 7 (10/8) 8 Oklahoma 5 0 Big 12
100%
Week 8 (10/15) 3 Oklahoma 6 0 Big 12
100%
Week 9 (10/22) 3 Oklahoma 6 0 Big 12
100%
Week 10 (10/29) 1 Oklahoma 7 0 Big 12
100%
Week 11 (11/5) 1 Oklahoma 8 0 Big 12
100%
Week 12 (11/12) 1 Oklahoma 9 0 Big 12
100%
Week 13 (11/19) 1 Oklahoma 10 0 Big 12
100%
Week 14 (11/26) 1 Oklahoma 11 0 Big 12
100%
Week 15 (12/3) 1 Oklahoma 12 0 Big 12
100%
Postseason 1 Oklahoma 13 0 Big 12
100%
Preseason 3 Alabama 0 0 SEC
97%
Week 1 (8/27) 3 Alabama 0 0 SEC
97%
Week 2 (9/3) 13 Alabama 0 1 SEC
97%
Week 3 (9/10) 15 Alabama 1 1 SEC
97%
Preseason 10 Georgia 0 0 SEC
97%
Week 1 (8/27) 10 Georgia 0 0 SEC
97%
Week 2 (9/3) 9 Georgia 1 0 SEC
97%
Week 3 (9/10) 23 Georgia 1 1 SEC
97%
Week 4 (9/17) 24 Georgia 1 1 SEC
97%
Week 5 (9/24) 25 Georgia 2 1 SEC
97%
Week 6 (10/1) 19 Georgia 3 1 SEC
97%
Week 7 (10/8) 14 Georgia 4 1 SEC
97%
Week 8 (10/15) 12 Georgia 5 1 SEC
97%
Week 9 (10/22) 13 Georgia 6 1 SEC
97%
Week 10 (10/29) 17 Georgia 6 2 SEC
97%
Week 11 (11/5) 14 Georgia 6 2 SEC
97%
Week 12 (11/12) 22 Georgia 6 3 SEC
97%
Week 13 (11/19) 19 Georgia 7 3 SEC
97%
Week 14 (11/26) 24 Georgia 7 4 SEC
97%
Week 15 (12/3) 24 Georgia 7 4 SEC
97%
Postseason 20 Georgia 8 4 SEC
97%
Preseason 6 Michigan 0 0 Big Ten
97%
Week 1 (8/27) 6 Michigan 0 0 Big Ten
97%
Week 2 (9/3) 3 Michigan 1 0 Big Ten
97%
Week 3 (9/10) 3 Michigan 2 0 Big Ten
97%
Week 4 (9/17) 10 Michigan 2 1 Big Ten
97%
Week 5 (9/24) 9 Michigan 3 1 Big Ten
97%
Week 6 (10/1) 6 Michigan 4 1 Big Ten
97%
Week 7 (10/8) 18 Michigan 4 2 Big Ten
97%
Week 8 (10/15) 16 Michigan 5 2 Big Ten
97%
Week 9 (10/22) 15 Michigan 6 2 Big Ten
97%
Week 10 (10/29) 12 Michigan 6 2 Big Ten
97%
Week 11 (11/5) 20 Michigan 6 3 Big Ten
97%
Week 12 (11/12) 19 Michigan 7 3 Big Ten
97%
Week 13 (11/19) 16 Michigan 8 3 Big Ten
97%
Week 14 (11/26) 16 Michigan 8 3 Big Ten
97%
Week 15 (12/3) 17 Michigan 8 3 Big Ten
97%
Postseason 11 Michigan 9 3 Big Ten
97%
Week 2 (9/3) 23 Notre Dame 1 0 Independent
97%
Week 3 (9/10) 21 Notre Dame 1 1 Independent
97%
Week 4 (9/17) 16 Notre Dame 2 1 Independent
97%
Week 6 (10/1) 25 Notre Dame 2 2 Independent
97%
Week 7 (10/8) 20 Notre Dame 3 2 Independent
97%
Week 8 (10/15) 20 Notre Dame 4 2 Independent
97%
Week 9 (10/22) 19 Notre Dame 5 2 Independent
97%
Week 10 (10/29) 15 Notre Dame 6 2 Independent
97%
Week 11 (11/5) 11 Notre Dame 6 2 Independent
97%
Week 12 (11/12) 11 Notre Dame 7 2 Independent
97%
Week 13 (11/19) 11 Notre Dame 8 2 Independent
97%
Week 14 (11/26) 11 Notre Dame 9 2 Independent
97%
Week 15 (12/3) 10 Notre Dame 9 2 Independent
97%
Postseason 15 Notre Dame 9 3 Independent
97%
Preseason 16 Ohio State 0 0 Big Ten
97%
Week 1 (8/27) 16 Ohio State 0 0 Big Ten
97%
Week 2 (9/3) 18 Ohio State 1 0 Big Ten
97%
Week 3 (9/10) 17 Ohio State 2 0 Big Ten
97%
Week 4 (9/17) 14 Ohio State 3 0 Big Ten
97%
Week 5 (9/24) 12 Ohio State 4 0 Big Ten
97%
Week 6 (10/1) 8 Ohio State 4 0 Big Ten
97%
Week 7 (10/8) 6 Ohio State 5 0 Big Ten
97%
Week 8 (10/15) 14 Ohio State 5 1 Big Ten
97%
Week 9 (10/22) 12 Ohio State 6 1 Big Ten
97%
Week 10 (10/29) 16 Ohio State 6 2 Big Ten
97%
Week 11 (11/5) 13 Ohio State 7 2 Big Ten
97%
Week 12 (11/12) 12 Ohio State 8 2 Big Ten
97%
Week 13 (11/19) 21 Ohio State 8 3 Big Ten
97%
Week 14 (11/26) 20 Ohio State 8 3 Big Ten
97%
Week 15 (12/3) 19 Ohio State 8 3 Big Ten
97%
Preseason 7 Texas 0 0 Big 12
97%
Week 1 (8/27) 7 Texas 0 0 Big 12
97%
Week 2 (9/3) 6 Texas 0 0 Big 12
97%
Week 3 (9/10) 5 Texas 1 0 Big 12
97%
Week 4 (9/17) 15 Texas 1 1 Big 12
97%
Week 5 (9/24) 13 Texas 2 1 Big 12
97%
Week 6 (10/1) 11 Texas 3 1 Big 12
97%
Week 7 (10/8) 25 Texas 3 2 Big 12
97%
Week 9 (10/22) 22 Texas 5 2 Big 12
97%
Week 10 (10/29) 20 Texas 6 2 Big 12
97%
Week 11 (11/5) 19 Texas 7 2 Big 12
97%
Week 12 (11/12) 14 Texas 8 2 Big 12
97%
Week 13 (11/19) 12 Texas 8 2 Big 12
97%
Week 14 (11/26) 12 Texas 9 2 Big 12
97%
Week 15 (12/3) 12 Texas 9 2 Big 12
97%
Postseason 12 Texas 9 3 Big 12
97%
Preseason 15 USC 0 0 Pacific-10
97%
Week 1 (8/27) 12 USC 1 0 Pacific-10
97%
Week 2 (9/3) 11 USC 1 0 Pacific-10
97%
Week 3 (9/10) 10 USC 2 0 Pacific-10
97%
Week 4 (9/17) 9 USC 2 0 Pacific-10
97%
Week 5 (9/24) 8 USC 3 0 Pacific-10
97%
Week 6 (10/1) 18 USC 3 1 Pacific-10
97%
Preseason 9 Florida 0 0 SEC
94%
Week 1 (8/27) 9 Florida 0 0 SEC
94%
Week 2 (9/3) 8 Florida 1 0 SEC
94%
Week 3 (9/10) 6 Florida 2 0 SEC
94%
Week 4 (9/17) 3 Florida 3 0 SEC
94%
Week 5 (9/24) 3 Florida 4 0 SEC
94%
Week 6 (10/1) 12 Florida 4 1 SEC
94%
Week 7 (10/8) 10 Florida 5 1 SEC
94%
Week 8 (10/15) 8 Florida 6 1 SEC
94%
Week 9 (10/22) 8 Florida 6 1 SEC
94%
Week 10 (10/29) 6 Florida 7 1 SEC
94%
Week 11 (11/5) 5 Florida 8 1 SEC
94%
Week 12 (11/12) 4 Florida 9 1 SEC
94%
Week 13 (11/19) 7 Florida 9 2 SEC
94%
Week 14 (11/26) 7 Florida 9 2 SEC
94%
Week 15 (12/3) 7 Florida 10 2 SEC
94%
Postseason 10 Florida 10 3 SEC
94%
Preseason 2 Florida State 0 0 ACC
94%
Week 1 (8/27) 2 Florida State 1 0 ACC
94%
Week 2 (9/3) 2 Florida State 1 0 ACC
94%
Week 3 (9/10) 2 Florida State 2 0 ACC
94%
Week 4 (9/17) 2 Florida State 3 0 ACC
94%
Week 5 (9/24) 2 Florida State 4 0 ACC
94%
Week 6 (10/1) 1 Florida State 5 0 ACC
94%
Week 7 (10/8) 7 Florida State 5 1 ACC
94%
Week 8 (10/15) 6 Florida State 6 1 ACC
94%
Week 9 (10/22) 6 Florida State 7 1 ACC
94%
Week 10 (10/29) 4 Florida State 8 1 ACC
94%
Week 11 (11/5) 3 Florida State 9 1 ACC
94%
Week 12 (11/12) 3 Florida State 10 1 ACC
94%
Week 13 (11/19) 3 Florida State 11 1 ACC
94%
Week 14 (11/26) 3 Florida State 11 1 ACC
94%
Week 15 (12/3) 3 Florida State 11 1 ACC
94%
Postseason 5 Florida State 11 2 ACC
94%
Preseason 8 Kansas State 0 0 Big 12
91%
Week 1 (8/27) 8 Kansas State 1 0 Big 12
91%
Week 2 (9/3) 7 Kansas State 2 0 Big 12
91%
Week 3 (9/10) 7 Kansas State 2 0 Big 12
91%
Week 4 (9/17) 4 Kansas State 3 0 Big 12
91%
Week 5 (9/24) 5 Kansas State 4 0 Big 12
91%
Week 6 (10/1) 4 Kansas State 5 0 Big 12
91%
Week 7 (10/8) 2 Kansas State 6 0 Big 12
91%
Week 8 (10/15) 10 Kansas State 6 1 Big 12
91%
Week 9 (10/22) 10 Kansas State 7 1 Big 12
91%
Week 10 (10/29) 19 Kansas State 7 2 Big 12
91%
Week 11 (11/5) 16 Kansas State 8 2 Big 12
91%
Week 12 (11/12) 9 Kansas State 9 2 Big 12
91%
Week 13 (11/19) 8 Kansas State 10 2 Big 12
91%
Week 14 (11/26) 8 Kansas State 10 2 Big 12
91%
Week 15 (12/3) 11 Kansas State 10 3 Big 12
91%
Postseason 9 Kansas State 11 3 Big 12
91%
Preseason 4 Wisconsin 0 0 Big Ten
91%
Week 1 (8/27) 4 Wisconsin 0 0 Big Ten
91%
Week 2 (9/3) 5 Wisconsin 1 0 Big Ten
91%
Week 3 (9/10) 4 Wisconsin 2 0 Big Ten
91%
Week 4 (9/17) 7 Wisconsin 3 0 Big Ten
91%
Week 5 (9/24) 17 Wisconsin 3 1 Big Ten
91%
Week 6 (10/1) 24 Wisconsin 3 2 Big Ten
91%
Postseason 23 Wisconsin 9 4 Big Ten
91%
Week 13 (11/19) 24 LSU 7 3 SEC
89%
Postseason 22 LSU 8 4 SEC
89%
Preseason 22 Penn State 0 0 Big Ten
89%
Preseason 11 Virginia Tech 0 0 Big East
89%
Week 1 (8/27) 11 Virginia Tech 0 0 Big East
89%
Week 2 (9/3) 10 Virginia Tech 1 0 Big East
89%
Week 3 (9/10) 8 Virginia Tech 2 0 Big East
89%
Week 4 (9/17) 5 Virginia Tech 3 0 Big East
89%
Week 5 (9/24) 4 Virginia Tech 3 0 Big East
89%
Week 6 (10/1) 3 Virginia Tech 4 0 Big East
89%
Week 7 (10/8) 3 Virginia Tech 5 0 Big East
89%
Week 8 (10/15) 2 Virginia Tech 6 0 Big East
89%
Week 9 (10/22) 2 Virginia Tech 7 0 Big East
89%
Week 10 (10/29) 2 Virginia Tech 8 0 Big East
89%
Week 11 (11/5) 8 Virginia Tech 8 1 Big East
89%
Week 12 (11/12) 7 Virginia Tech 9 1 Big East
89%
Week 13 (11/19) 6 Virginia Tech 9 1 Big East
89%
Week 14 (11/26) 6 Virginia Tech 10 1 Big East
89%
Week 15 (12/3) 6 Virginia Tech 10 1 Big East
89%
Postseason 6 Virginia Tech 11 1 Big East
89%
Preseason 13 Washington 0 0 Pacific-10
89%
Week 1 (8/27) 14 Washington 0 0 Pacific-10
89%
Week 2 (9/3) 15 Washington 1 0 Pacific-10
89%
Week 3 (9/10) 9 Washington 2 0 Pacific-10
89%
Week 4 (9/17) 8 Washington 3 0 Pacific-10
89%
Week 5 (9/24) 6 Washington 3 0 Pacific-10
89%
Week 6 (10/1) 13 Washington 3 1 Pacific-10
89%
Week 7 (10/8) 11 Washington 4 1 Pacific-10
89%
Week 8 (10/15) 9 Washington 5 1 Pacific-10
89%
Week 9 (10/22) 9 Washington 6 1 Pacific-10
89%
Week 10 (10/29) 8 Washington 7 1 Pacific-10
89%
Week 11 (11/5) 7 Washington 8 1 Pacific-10
89%
Week 12 (11/12) 6 Washington 9 1 Pacific-10
89%
Week 13 (11/19) 4 Washington 10 1 Pacific-10
89%
Week 14 (11/26) 4 Washington 10 1 Pacific-10
89%
Week 15 (12/3) 4 Washington 10 1 Pacific-10
89%
Postseason 3 Washington 11 1 Pacific-10
89%
Preseason 1 Nebraska 0 0 Big 12
86%
Week 1 (8/27) 1 Nebraska 0 0 Big 12
86%
Week 2 (9/3) 1 Nebraska 1 0 Big 12
86%
Week 3 (9/10) 1 Nebraska 2 0 Big 12
86%
Week 4 (9/17) 1 Nebraska 2 0 Big 12
86%
Week 5 (9/24) 1 Nebraska 3 0 Big 12
86%
Week 6 (10/1) 2 Nebraska 4 0 Big 12
86%
Week 7 (10/8) 1 Nebraska 5 0 Big 12
86%
Week 8 (10/15) 1 Nebraska 6 0 Big 12
86%
Week 9 (10/22) 1 Nebraska 7 0 Big 12
86%
Week 10 (10/29) 5 Nebraska 7 1 Big 12
86%
Week 11 (11/5) 4 Nebraska 8 1 Big 12
86%
Week 12 (11/12) 10 Nebraska 8 2 Big 12
86%
Week 13 (11/19) 9 Nebraska 8 2 Big 12
86%
Week 14 (11/26) 10 Nebraska 9 2 Big 12
86%
Week 15 (12/3) 9 Nebraska 9 2 Big 12
86%
Postseason 8 Nebraska 10 2 Big 12
86%
Week 5 (9/24) 20 Oregon 3 1 Pacific-10
86%
Week 6 (10/1) 9 Oregon 4 1 Pacific-10
86%
Week 7 (10/8) 9 Oregon 4 1 Pacific-10
86%
Week 8 (10/15) 7 Oregon 5 1 Pacific-10
86%
Week 9 (10/22) 7 Oregon 6 1 Pacific-10
86%
Week 10 (10/29) 7 Oregon 7 1 Pacific-10
86%
Week 11 (11/5) 6 Oregon 8 1 Pacific-10
86%
Week 12 (11/12) 5 Oregon 9 1 Pacific-10
86%
Week 13 (11/19) 10 Oregon 9 2 Pacific-10
86%
Week 14 (11/26) 9 Oregon 9 2 Pacific-10
86%
Week 15 (12/3) 8 Oregon 9 2 Pacific-10
86%
Postseason 7 Oregon 10 2 Pacific-10
86%
Preseason 12 Tennessee 0 0 SEC
86%
Week 1 (8/27) 13 Tennessee 0 0 SEC
86%
Week 2 (9/3) 12 Tennessee 1 0 SEC
86%
Week 3 (9/10) 11 Tennessee 1 0 SEC
86%
Week 4 (9/17) 13 Tennessee 1 1 SEC
86%
Week 5 (9/24) 11 Tennessee 2 1 SEC
86%
Week 6 (10/1) 21 Tennessee 2 2 SEC
86%
Week 13 (11/19) 25 Tennessee 7 3 SEC
86%
Week 14 (11/26) 21 Tennessee 8 3 SEC
86%
Week 15 (12/3) 21 Tennessee 8 3 SEC
86%
Preseason 17 Clemson 0 0 ACC
83%
Week 1 (8/27) 17 Clemson 0 0 ACC
83%
Week 2 (9/3) 17 Clemson 1 0 ACC
83%
Week 3 (9/10) 16 Clemson 2 0 ACC
83%
Week 4 (9/17) 11 Clemson 3 0 ACC
83%
Week 5 (9/24) 7 Clemson 4 0 ACC
83%
Week 6 (10/1) 5 Clemson 5 0 ACC
83%
Week 7 (10/8) 5 Clemson 6 0 ACC
83%
Week 8 (10/15) 5 Clemson 7 0 ACC
83%
Week 9 (10/22) 5 Clemson 8 0 ACC
83%
Week 10 (10/29) 10 Clemson 8 1 ACC
83%
Week 11 (11/5) 17 Clemson 8 2 ACC
83%
Week 12 (11/12) 16 Clemson 8 2 ACC
83%
Week 13 (11/19) 15 Clemson 9 2 ACC
83%
Week 14 (11/26) 15 Clemson 9 2 ACC
83%
Week 15 (12/3) 16 Clemson 9 2 ACC
83%
Postseason 16 Clemson 9 3 ACC
83%
Preseason 24 Colorado 0 0 Big 12
83%
Week 1 (8/27) 23 Colorado 0 0 Big 12
83%
Week 2 (9/3) 16 UCLA 1 0 Pacific-10
83%
Week 3 (9/10) 14 UCLA 2 0 Pacific-10
83%
Week 4 (9/17) 6 UCLA 3 0 Pacific-10
83%
Week 5 (9/24) 15 UCLA 3 1 Pacific-10
83%
Week 6 (10/1) 16 UCLA 4 1 Pacific-10
83%
Week 7 (10/8) 13 UCLA 4 1 Pacific-10
83%
Week 8 (10/15) 23 UCLA 4 2 Pacific-10
83%
Preseason 5 Miami 0 0 Big East
80%
Week 1 (8/27) 5 Miami 0 0 Big East
80%
Week 2 (9/3) 4 Miami 1 0 Big East
80%
Week 3 (9/10) 12 Miami 1 1 Big East
80%
Week 4 (9/17) 12 Miami 1 1 Big East
80%
Week 5 (9/24) 10 Miami 2 1 Big East
80%
Week 6 (10/1) 7 Miami 3 1 Big East
80%
Week 7 (10/8) 4 Miami 4 1 Big East
80%
Week 8 (10/15) 4 Miami 4 1 Big East
80%
Week 9 (10/22) 4 Miami 5 1 Big East
80%
Week 10 (10/29) 3 Miami 6 1 Big East
80%
Week 11 (11/5) 2 Miami 7 1 Big East
80%
Week 12 (11/12) 2 Miami 8 1 Big East
80%
Week 13 (11/19) 2 Miami 9 1 Big East
80%
Week 14 (11/26) 2 Miami 10 1 Big East
80%
Week 15 (12/3) 2 Miami 10 1 Big East
80%
Postseason 2 Miami 11 1 Big East
80%
Preseason 25 Michigan State 0 0 Big Ten
80%
Week 1 (8/27) 24 Michigan State 0 0 Big Ten
80%
Week 2 (9/3) 24 Michigan State 0 0 Big Ten
80%
Week 3 (9/10) 22 Michigan State 1 0 Big Ten
80%
Week 4 (9/17) 23 Michigan State 2 0 big Ten
80%
Week 5 (9/24) 18 Michigan State 3 0 Big Ten
80%
Week 3 (9/10) 24 Auburn 2 0 SEC
77%
Week 4 (9/17) 20 Auburn 3 0 SEC
77%
Week 5 (9/24) 19 Auburn 4 0 SEC
77%
Week 6 (10/1) 15 Auburn 5 0 SEC
77%
Week 7 (10/8) 19 Auburn 5 1 SEC
77%
Week 9 (10/22) 25 Auburn 6 2 SEC
77%
Week 10 (10/29) 23 Auburn 7 2 SEC
77%
Week 11 (11/5) 22 Auburn 7 2 SEC
77%
Week 12 (11/12) 18 Auburn 8 2 SEC
77%
Week 13 (11/19) 17 Auburn 9 2 SEC
77%
Week 14 (11/26) 18 Auburn 9 2 SEC
77%
Week 15 (12/3) 20 Auburn 9 3 SEC
77%
Postseason 18 Auburn 9 4 SEC
77%
Week 6 (10/1) 23 Oregon State 4 0 Pacific-10
77%
Week 7 (10/8) 23 Oregon State 4 1 Pacific-10
77%
Week 8 (10/15) 19 Oregon State 5 1 Pacific-10
77%
Week 9 (10/22) 18 Oregon State 6 1 Pacific-10
77%
Week 10 (10/29) 14 Oregon State 7 1 Pacific-10
77%
Week 11 (11/5) 10 Oregon State 8 1 Pacific-10
77%
Week 12 (11/12) 8 Oregon State 9 1 Pacific-10
77%
Week 13 (11/19) 5 Oregon State 10 1 Pacific-10
77%
Week 14 (11/26) 5 Oregon State 10 1 Pacific-10
77%
Week 15 (12/3) 5 Oregon State 10 1 Pacific-10
77%
Postseason 4 Oregon State 11 1 Pacific-10
77%
Preseason 14 Purdue 0 0 Big Ten
77%
Week 1 (8/27) 15 Purdue 0 0 Big Ten
77%
Week 2 (9/3) 14 Purdue 1 0 Big Ten
77%
Week 3 (9/10) 13 Purdue 2 0 Big Ten
77%
Week 4 (9/17) 21 Purdue 2 1 Big Ten
77%
Week 5 (9/24) 22 Purdue 3 1 Big Ten
77%
Week 7 (10/8) 21 Purdue 4 2 Big Ten
77%
Week 8 (10/15) 17 Purdue 5 2 Big Ten
77%
Week 9 (10/22) 16 Purdue 6 2 Big Ten
77%
Week 10 (10/29) 11 Purdue 7 2 Big Ten
77%
Week 11 (11/5) 9 Purdue 7 2 Big Ten
77%
Week 12 (11/12) 17 Purdue 7 3 Big Ten
77%
Week 13 (11/19) 14 Purdue 8 3 Big Ten
77%
Week 14 (11/26) 14 Purdue 8 3 Big Ten
77%
Week 15 (12/3) 14 Purdue 8 3 Big Ten
77%
Postseason 13 Purdue 8 4 Big Ten
77%
Week 1 (8/27) 25 Texas A&M 0 0 Big 12
77%
Week 10 (10/29) 24 Texas A&M 6 2 Big 12
77%
Week 11 (11/5) 23 Texas A&M 7 2 Big 12
77%
Week 12 (11/12) 21 Texas A&M 7 3 Big 12
77%
Week 13 (11/19) 22 Texas A&M 7 3 Big 12
77%
Preseason 18 Ole Miss 0 0 SEC
74%
Week 1 (8/27) 18 Ole Miss 0 0 SEC
74%
Week 2 (9/3) 19 Ole Miss 1 0 SEC
74%
Preseason 21 Illinois 0 0 Big Ten
71%
Week 1 (8/27) 21 Illinois 0 0 Big Ten
71%
Week 2 (9/3) 21 Illinois 1 0 Big Ten
71%
Week 3 (9/10) 19 Illinois 2 0 Big Ten
71%
Week 4 (9/17) 19 Illinois 3 0 Big Ten
71%
Week 5 (9/24) 24 Illinois 3 1 Big Ten
71%
Week 10 (10/29) 25 Georgia Tech 6 2 ACC
69%
Week 11 (11/5) 24 Georgia Tech 6 2 ACC
69%
Week 12 (11/12) 20 Georgia Tech 7 2 ACC
69%
Week 13 (11/19) 18 Georgia Tech 8 2 ACC
69%
Week 14 (11/26) 17 Georgia Tech 9 2 ACC
69%
Week 15 (12/3) 15 Georgia Tech 9 2 ACC
69%
Postseason 17 Georgia Tech 9 3 ACC
69%
Week 7 (10/8) 22 Arizona 4 1 Pacific-10
63%
Week 8 (10/15) 21 Arizona 5 1 Pacific-10
63%
Week 9 (10/22) 24 Arizona 5 2 Pacific-10
63%
Week 8 (10/15) 22 Minnesota 5 2 Big Ten
63%
Week 4 (9/17) 25 Mississippi State 2 0 SEC
63%
Week 6 (10/1) 20 Mississippi State 3 1 SEC
63%
Week 7 (10/8) 15 Mississippi State 4 1 SEC
63%
Week 8 (10/15) 13 Mississippi State 4 1 SEC
63%
Week 9 (10/22) 20 Mississippi State 4 2 SEC
63%
Week 10 (10/29) 18 Mississippi State 5 2 SEC
63%
Week 11 (11/5) 15 Mississippi State 6 2 SEC
63%
Week 12 (11/12) 13 Mississippi State 7 2 SEC
63%
Week 13 (11/19) 23 Mississippi State 7 3 SEC
63%
Postseason 24 Mississippi State 8 4 SEC
63%
Week 14 (11/26) 22 Louisville 9 2 C-USA
57%
Week 15 (12/3) 22 Louisville 9 2 C-USA
57%
Week 6 (10/1) 22 Northwestern 4 1 Big Ten
57%
Week 7 (10/8) 17 Northwestern 5 1 Big Ten
57%
Week 8 (10/15) 25 Northwestern 5 2 Big Ten
57%
Week 9 (10/22) 23 Northwestern 5 2 Big Ten
57%
Week 10 (10/29) 21 Northwestern 6 2 Big Ten
57%
Week 11 (11/5) 12 Northwestern 7 2 Big Ten
57%
Week 12 (11/12) 23 Northwestern 7 3 Big Ten
57%
Week 13 (11/19) 20 Northwestern 8 3 Big Ten
57%
Week 14 (11/26) 19 Northwestern 8 3 Big Ten
57%
Week 15 (12/3) 18 Northwestern 8 3 Big Ten
57%
Week 5 (9/24) 23 South Carolina 4 0 SEC
54%
Week 7 (10/8) 24 South Carolina 5 1 SEC
54%
Week 8 (10/15) 18 South Carolina 6 1 SEC
54%
Week 9 (10/22) 17 South Carolina 7 1 SEC
54%
Week 10 (10/29) 22 South Carolina 7 2 SEC
54%
Week 11 (11/5) 21 South Carolina 7 2 SEC
54%
Week 12 (11/12) 25 South Carolina 7 3 SEC
54%
Postseason 19 South Carolina 8 4 SEC
54%
Postseason 25 Iowa State 9 3 Big 12
51%
Preseason 20 TCU 0 0 WAC
49%
Week 1 (8/27) 20 TCU 0 0 WAC
49%
Week 2 (9/3) 22 TCU 0 0 WAC
49%
Week 3 (9/10) 20 TCU 1 0 WAC
49%
Week 4 (9/17) 18 TCU 2 0 WAC
49%
Week 5 (9/24) 16 TCU 3 0 WAC
49%
Week 6 (10/1) 14 TCU 4 0 WAC
49%
Week 7 (10/8) 12 TCU 5 0 WAC
49%
Week 8 (10/15) 11 TCU 5 0 WAC
49%
Week 9 (10/22) 11 TCU 6 0 WAC
49%
Week 10 (10/29) 9 TCU 7 0 WAC
49%
Week 11 (11/5) 18 TCU 7 1 WAC
49%
Week 12 (11/12) 15 TCU 8 1 WAC
49%
Week 13 (11/19) 13 TCU 9 1 WAC
49%
Week 14 (11/26) 13 TCU 10 1 WAC
49%
Week 15 (12/3) 13 TCU 10 1 WAC
49%
Postseason 21 TCU 10 2 WAC
49%
Week 14 (11/26) 23 Colorado State 9 2 Mountain West
46%
Week 15 (12/3) 23 Colorado State 9 2 Mountain West
46%
Postseason 14 Colorado State 10 2 Mountain West
46%
Week 8 (10/15) 24 NC State 5 1 ACC
43%
Week 9 (10/22) 21 NC State 5 1 ACC
43%
Week 14 (11/26) 25 Toledo 10 1 MAC
11%
Week 15 (12/3) 25 Toledo 10 1 MAC
11%
Preseason 23 Southern Miss 0 0 C-USA
6%
Week 1 (8/27) 22 Southern Miss 0 0 C-USA
6%
Week 2 (9/3) 25 Southern Miss 0 1 C-USA
6%
Week 3 (9/10) 25 Southern Miss 0 1 C-USA
6%
Week 4 (9/17) 22 Southern Miss 1 1 C-USA
6%
Week 5 (9/24) 21 Southern Miss 2 1 C-USA
6%
Week 6 (10/1) 17 Southern Miss 3 1 C-USA
6%
Week 7 (10/8) 16 Southern Miss 4 1 C-USA
6%
Week 8 (10/15) 15 Southern Miss 5 1 C-USA
6%
Week 9 (10/22) 14 Southern Miss 5 1 C-USA
6%
Week 10 (10/29) 13 Southern Miss 6 1 C-USA
6%
Week 11 (11/5) 25 Southern Miss 6 2 C-USA
6%
Week 12 (11/12) 24 Southern Miss 7 2 C-USA
6%
No matching quizzes found
Score Distribution
Percent of People with Each Score
Percentile by Number Answered
Your Score History
You have not taken this quiz